000 00495nam a22001817a 4500
003 OSt
005 20180116183054.0
008 160902b xxu||||| |||| 00| 0 eng d
020 _a0
040 _c0
082 _a630.937 AGR 2001
100 _aAgriculture
245 _aAgriculture in SINDH :
_bIssues and Options
260 _aKarachi
_bSZABIST center for information & research
_c2001
300 _a213 p.
_bHB.
440 _aAgriculture in SINDH : Issues and Options
942 _2ddc
_cBK
999 _c351736
_d351736